[Event "SVK-chT3A2 2223"]
[Site "Slovakia"]
[Date "2023.03.05"]
[Round "8.4"]
[White "Krakovsky, Peter1111"]
[Black "Palka, Martin"]
[Result "1/2-1/2"]
[WhiteElo "1657"]
[BlackElo "1839"]
[PlyCount "101"]
[EventDate "2022.10.16"]
[EventType "team-tourn"]
[EventRounds "9"]
[EventCountry "SVK"]
[SourceTitle "EXT 2024"]
[Source "ChessBase"]
[SourceDate "2023.10.10"]
[SourceVersion "1"]
[SourceVersionDate "2023.10.10"]
[SourceQuality "1"]
[WhiteTeam "Skalica"]
[BlackTeam "Senica SK"]
[WhiteTeamCountry "SVK"]
[BlackTeamCountry "SVK"]

1. e4 c5 2. Nc3 Nc6 3. f4 d6 4. Bb5 Bd7 5. Nf3 g6 6. 0-0 Bg7 7. d3 e6 8. Qe1 Nge7 9. Bd2 0-0 10. Rb1 a6 11. Bxc6 Bxc6 12. h3 Qd7 13. Qh4 b5 14. Ng5 h6 15. Nf3 f5 16. Rbe1 Rae8 17. e5 Bxf3 18. Rxf3 d5 19. Kh2 d4 20. Nd1 Nc6 21. g4 Qd5 22. Rf2 Rf7 23. a3 Ref8 24. Ref1 fxg4 25. Qxg4 Ne7 26. b3 Kh7 27. Rg2 Bxe5 28. Re1 Bxf4+ 29. Bxf4 Rxf4 30. Qxe6 R8f7 31. Qxa6 Qc6 32. Qxc6 Nxc6 33. Re6 R4f6 34. Rxf6 Rxf6 35. Nb2 Kg7 36. a4 bxa4 37. Nxa4 Rf5 38. Kg3 Kf6 39. Rf2 Nb4 40. Nxc5 Rxf2 41. Kxf2 Nxc2 42. Kf3 Kf5 43. Na6 Ke5 44. Nc5 Nb4 45. Ke2 Nd5 46. h4 g5 47. hxg5 hxg5 48. Ne4 Kf4 49. Nc5 g4 50. Ne6+ Ke5 51. Ng5 1/2-1/2

[Event "SVK-chT3A2 2223"]
[Site "Slovakia"]
[Date "2023.02.19"]
[Round "7.4"]
[White "Palka, Martin"]
[Black "Mihalik, Anton"]
[Result "0-1"]
[WhiteElo "1839"]
[BlackElo "1924"]
[PlyCount "38"]
[EventDate "2022.10.16"]
[EventType "team-tourn"]
[EventRounds "9"]
[EventCountry "SVK"]
[SourceTitle "EXT 2024"]
[Source "ChessBase"]
[SourceDate "2023.10.10"]
[SourceVersion "1"]
[SourceVersionDate "2023.10.10"]
[SourceQuality "1"]
[WhiteTeam "Senica SK"]
[BlackTeam "Piestany Kupele II"]
[WhiteTeamCountry "SVK"]
[BlackTeamCountry "SVK"]

1. e4 c5 2. Nf3 Nc6 3. d4 cxd4 4. Nxd4 e6 5. Nc3 a6 6. g3 Nf6 7. Bg2 Be7 8. 0-0 0-0 9. a4 Qc7 10. Nde2 d6 11. h3 Bd7 12. Be3 Rac8 13. Kh2 Ne5 14. b3 Rfd8 15. f4 Neg4+ 16. hxg4 Nxg4+ 17. Kg1 Nxe3 18. Qd3 Nxf1 19. Kxf1 Bf6 0-1

[Event "SVK-chT3A2 1819"]
[Site "Slovakia"]
[Date "2019.01.13"]
[Round "6.5"]
[White "Zarecky, Eduard"]
[Black "Palka, Martin"]
[Result "0-1"]
[WhiteElo "1839"]
[BlackElo "1854"]
[PlyCount "58"]
[EventDate "2018.10.07"]
[EventType "team-tourn"]
[EventRounds "11"]
[EventCountry "SVK"]
[SourceTitle "EXT 2020"]
[Source "ChessBase"]
[SourceDate "2019.10.17"]
[SourceVersion "1"]
[SourceVersionDate "2019.10.17"]
[SourceQuality "1"]
[WhiteTeam "Modranka Komplet"]
[BlackTeam "Senica SK"]
[WhiteTeamCountry "SVK"]
[BlackTeamCountry "SVK"]

1. d4 e6 2. c4 Bb4+ 3. Nc3 Nf6 4. Bd2 0-0 5. Nf3 d6 6. a3 Bxc3 7. Bxc3 c6 8. b4 Ne4 9. Bb2 d5 10. e3 Nd7 11. Qc2 a6 12. Bd3 f5 13. 0-0 g5 14. Ne5 Nxe5 15. dxe5 g4 16. f4 gxf3 17. gxf3 Ng5 18. Qg2 Kh8 19. h4 Nf7 20. Qf2 Rg8+ 21. Kh2 Bd7 22. Rg1 Qe7 23. Bxf5 dxc4 24. Rg4 Nh6 25. Rxg8+ Rxg8 26. Bh3 Be8 27. e4 Bh5 28. Rd1 Rf8 29. Bg2 Ng4+ 0-1

[Event "SVK-chT3A2 1516"]
[Site "Slovakia"]
[Date "2016.01.17"]
[Round "6.4"]
[White "Sarmir, Milos"]
[Black "Palka, Martin"]
[Result "1-0"]
[WhiteElo "2023"]
[BlackElo "1912"]
[PlyCount "49"]
[EventDate "2015.10.11"]
[EventType "team-tourn"]
[EventRounds "11"]
[EventCountry "SVK"]
[SourceTitle "EXT 2020"]
[Source "ChessBase"]
[SourceDate "2019.10.17"]
[SourceVersion "1"]
[SourceVersionDate "2019.10.17"]
[SourceQuality "1"]
[WhiteTeam "Cifer"]
[BlackTeam "Senica SK"]
[WhiteTeamCountry "SVK"]
[BlackTeamCountry "SVK"]

1. e4 c5 2. Nf3 Nc6 3. d4 cxd4 4. Nxd4 e6 5. Be2 Qc7 6. Be3 a6 7. 0-0 Nf6 8. Nd2 d5 9. Nxc6 bxc6 10. exd5 cxd5 11. c4 Bd6 12. h3 0-0 13. c5 Be5 14. Qc2 Rb8 15. Rab1 Nd7 16. Nf3 Bf6 17. b4 e5 18. Rfc1 e4 19. Nd4 Ne5 20. a4 Nc6 21. Nxc6 Qxc6 22. Bf4 Ra8 23. b5 axb5 24. axb5 Qb7 25. b6 1-0

[Event "SVK-chT3A2 1516"]
[Site "Slovakia"]
[Date "2015.11.15"]
[Round "3.5"]
[White "Palka, Martin"]
[Black "Vepy, Ivan"]
[Result "0-1"]
[WhiteElo "1912"]
[BlackElo "1938"]
[PlyCount "90"]
[EventDate "2015.10.11"]
[EventType "team-tourn"]
[EventRounds "11"]
[EventCountry "SVK"]
[SourceTitle "EXT 2020"]
[Source "ChessBase"]
[SourceDate "2019.10.17"]
[SourceVersion "1"]
[SourceVersionDate "2019.10.17"]
[SourceQuality "1"]
[WhiteTeam "Senica SK"]
[BlackTeam "Skalica II"]
[WhiteTeamCountry "SVK"]
[BlackTeamCountry "SVK"]

1. Nf3 d5 2. c4 e6 3. g3 Nf6 4. Bg2 Be7 5. 0-0 0-0 6. b3 Nc6 7. Bb2 Ne8 8. d3 Bf6 9. Nc3 Rb8 10. Qc1 b6 11. cxd5 exd5 12. e4 dxe4 13. dxe4 Bb7 14. Rd1 Qc8 15. Qf4 Qe6 16. Rac1 Ne5 17. Nd4 Qg4 18. Qe3 Qh5 19. h3 Rd8 20. Nd5 Bxd5 21. exd5 Nd6 22. g4 Qg6 23. f4 Nd7 24. Rxc7 Nc5 25. f5 Qg5 26. Qxg5 Bxg5 27. Nc6 Rde8 28. Kf1 Bh4 29. Ba3 Re3 30. Bxc5 bxc5 31. Rxa7 Rfe8 32. Kg1 h5 33. Ra4 Rg3 34. gxh5 Re2 35. Rxh4 Rgxg2+ 36. Kf1 Nxf5 37. Ne7+ Nxe7 38. Rg4 Rgf2+ 39. Kg1 Rd2 40. Rxd2 Rxd2 41. Rg2 Rxg2+ 42. Kxg2 Nxd5 43. a3 Nc3 44. Kf3 Nb5 45. a4 Nd4+ 0-1

[Event "SVK-chT4A21 1213"]
[Site "Slovakia"]
[Date "2012.10.28"]
[Round "2.2"]
[White "Palka, Martin"]
[Black "Pericka, Pavol"]
[Result "1/2-1/2"]
[WhiteElo "1884"]
[BlackElo "1821"]
[PlyCount "43"]
[EventDate "2012.10.14"]
[EventType "team-tourn"]
[EventRounds "11"]
[EventCountry "SVK"]
[SourceTitle "EXT 2022"]
[Source "ChessBase"]
[SourceDate "2021.10.06"]
[SourceVersion "1"]
[SourceVersionDate "2021.10.06"]
[SourceQuality "1"]
[WhiteTeam "Senica Dragon"]
[BlackTeam "Brezova CVC"]
[WhiteTeamCountry "SVK"]
[BlackTeamCountry "SVK"]

1. e4 e5 2. Nf3 Nc6 3. Bb5 a6 4. Ba4 Nf6 5. 0-0 b5 6. Bb3 Be7 7. Re1 0-0 8. c3 d5 9. exd5 Nxd5 10. Nxe5 Nxe5 11. Rxe5 Nf6 12. d4 Bd6 13. Re1 Ng4 14. g3 Nxh2 15. Qh5 Ng4 16. Bg5 Nf6 17. Qh1 Bf5 18. Nd2 h6 19. Bxf6 Qxf6 20. Ne4 Qg6 21. Nxd6 Qxd6 22. Re5 1/2-1/2

[Event "SVK-chT3A2 1011"]
[Site "Slovakia"]
[Date "2011.02.27"]
[Round "9.5"]
[White "Palka, Martin"]
[Black "Smrek, Peter"]
[Result "1/2-1/2"]
[WhiteElo "1855"]
[BlackElo "1882"]
[PlyCount "81"]
[EventDate "2010.10.17"]
[EventType "team-tourn"]
[EventRounds "11"]
[EventCountry "SVK"]
[SourceTitle "EXT 2019"]
[Source "ChessBase"]
[SourceDate "2018.10.10"]
[SourceVersion "1"]
[SourceVersionDate "2018.10.10"]
[SourceQuality "1"]
[WhiteTeam "Senica SK"]
[BlackTeam "Vrbove"]
[WhiteTeamCountry "SVK"]
[BlackTeamCountry "SVK"]

1. e4 e5 2. Nf3 Nf6 3. Nxe5 d6 4. Nf3 Nxe4 5. Nc3 Nxc3 6. dxc3 Be7 7. Be3 Nc6 8. Qd2 a6 9. 0-0-0 Bg4 10. h3 Be6 11. Ng5 Qd7 12. Nxe6 fxe6 13. Be2 0-0-0 14. Rhe1 Bf6 15. f4 g6 16. Bg4 h5 17. Bf3 Kb8 18. c4 Qg7 19. c3 h4 20. Qc2 Ne7 21. Qb3 c6 22. Bb6 Rd7 23. Rxe6 Nc8 24. Bf2 Qf7 25. Rde1 Kc7 26. R6e4 Re7 27. Qc2 Rhe8 28. Rxe7+ Rxe7 29. Rxe7+ Nxe7 30. Qe4 d5 31. cxd5 Nxd5 32. c4 Nb6 33. b3 Nc8 34. Bg4 Nd6 35. Qe3 Nf5 36. Qb6+ Kc8 37. Qa7 Qc7 38. Qe3 Qd7 39. Qe4 Kc7 40. Qe1 Qd6 41. Qd2 1/2-1/2